Top 3 MVP en NBA depuis 2000 - Statistiques

Statistiques générales
  • Ce quiz a été pris 799 fois
    417 depuis la dernière actualisation
  • Le résultat moyen est 66 sur 78
Statistiques - réponses
Année Classement Joueur % Correct
2009 1 LeBron James
99%
2010 1 LeBron James
99%
2011 3 LeBron James
99%
2012 1 LeBron James
99%
2013 1 LeBron James
99%
2014 2 LeBron James
99%
2015 3 LeBron James
99%
2016 3 LeBron James
99%
2018 2 LeBron James
99%
2020 2 LeBron James
99%
2015 1 Stephen Curry
99%
2016 1 Stephen Curry
99%
2021 3 Stephen Curry
99%
2021 1 Nikola Jokić
97%
2022 1 Nikola Jokić
97%
2023 2 Nikola Jokić
97%
2024 1 Nikola Jokic
97%
2025 2 Nikola Jokic
97%
2025 3 Giannis Antetokounmpo
96%
2010 2 Kevin Durant
95%
2012 2 Kevin Durant
95%
2013 2 Kevin Durant
95%
2014 1 Kevin Durant
95%
2008 1 Kobe Bryant
95%
2009 2 Kobe Bryant
95%
2010 3 Kobe Bryant
95%
2015 2 James Harden
94%
2017 2 James Harden
94%
2018 1 James Harden
94%
2019 2 James Harden
94%
2020 3 James Harden
94%
2024 2 Shai Gilgeous-Alexander
94%
2025 1 Shai Gilgeous-Alexander
94%
2017 1 Russell Westbrook
93%
2021 2 Joel Embiid
90%
2022 2 Joel Embiid
90%
2023 1 Joel Embiid
90%
2000 1 Shaquille O'Neal
90%
2001 3 Shaquille O'Neal
90%
2002 3 Shaquille O'Neal
90%
2004 3 Shaquille O'Neal
90%
2005 2 Shaquille O'Neal
90%
2001 2 Tim Duncan
89%
2002 1 Tim Duncan
89%
2003 1 Tim Duncan
89%
2004 2 Tim Duncan
89%
2024 3 Luka Dončić
87%
2019 1 Giannis Antetokounmpo
85%
2020 1 Giannis Antetokounmpo
85%
2022 3 Giannis Antetokounmpo
85%
2023 3 Giannis Antetokounmpo
85%
2011 1 Derrick Rose
84%
2006 2 LeBron James
84%
2005 1 Steve Nash
81%
2006 1 Steve Nash
81%
2007 2 Steve Nash
81%
2000 2 Kevin Garnett
80%
2003 2 Kevin Garnett
80%
2004 1 Kevin Garnett
80%
2008 3 Kevin Garnett
80%
2005 3 Dirk Nowitzki
79%
2006 3 Dirk Nowitzki
79%
2007 1 Dirk Nowitzki
79%
2001 1 Allen Iverson
78%
2003 3 Kobe Bryant
77%
2007 3 Kobe Bryant
77%
2016 2 Kawhi Leonard
75%
2017 3 Kawhi Leonard
75%
2009 3 Dwyane Wade
74%
2008 2 Chris Paul
63%
2012 3 Chris Paul
63%
2019 3 Paul George
58%
2018 3 Anthony Davis
56%
2013 3 Carmelo Anthony
53%
2002 2 Jason Kidd
47%
2011 2 Dwight Howard
44%
2014 3 Blake Griffin
32%
2000 3 Alonzo Mourning
13%
Aucun quiz correspondant
Distribution des résultats
% des personnes avec chaque résultat
Percentile par nombre de réponses
Votre historique - résultats
Vous n’avez pas pris ce quiz depuis la dernière actualisation